Normal view MARC view

Entry Personal Name

Number of records used in: 1

001 - CONTROL NUMBER

  • control field: 245617

003 - CONTROL NUMBER IDENTIFIER

  • control field: OSt

005 - DATE AND TIME OF LATEST TRANSACTION

  • control field: 20251114162722.0

008 - FIXED-LENGTH DATA ELEMENTS

  • fixed length control field: 251114|| aca||aabn | a|a d

040 ## - CATALOGING SOURCE

  • Original cataloging agency: OSt
  • Transcribing agency: OSt

100 ## - HEADING--PERSONAL NAME

  • Personal name: SRIYAN (K R)
  • Dates associated with a name: ಕೆ.ಆರ್. ಶ್ರೀಯಾನ್

670 ## - SOURCE DATA FOUND

  • Source citation: Work cat.: (OSt)123484: SRIYAN (K R) ಕೆ.ಆರ್. ಶ್ರೀಯಾನ್, Karnatakada raita chaluvaligalu, 2019